[Event "III Weekend A"]
[Site "Porto Sant'Elpidio ITA"]
[Date "2000.10.21"]
[Round "1"]
[White "Basso, Fabrizio"]
[Black "Rotoni, Matteo"]
[Result "0-1"]
[WhiteElo "1500"]
[BlackElo "1831"]
[PlyCount "60"]
[EventDate "2000.10.21"]

1.d4 Nf6 2.c4 c5 3.dxc5 e6 4.Nc3 Bxc5 5.e3 Nc6 6.Nf3 O-O 7.Bd3 d5 8.cxd5 
exd5 9.a3 Re8 10.O-O Bg4 11.b4 Bb6 12.Na4 Bc7 13.Bb2 Qd6 14.g3 Rad8 15.Nc5
Bc8 16.Rc1 a6 17.Qc2 Ng4 18.Nxa6 Bb6 19.Nc5 Qh6 20.Bf5 Nce5 21.Bxe5 Nxe5 
22.Nxe5 Rxe5 23.Bxc8 Rxc8 24.Qb2 Rh5 25.f4 Re8 26.Rf3 Rh3 27.Nxb7 Qh5 28.
Qg2 Rxh2 29.Qxh2 Qxf3 30.Rc5 Bxc5 0-1

[Event "III Weekend A"]
[Site "Porto Sant'Elpidio ITA"]
[Date "2000.10.21"]
[Round "1"]
[White "Bontempi, Piero"]
[Black "Silvestri, Giorgio"]
[Result "1-0"]
[WhiteElo "2273"]
[BlackElo "1584"]
[PlyCount "115"]
[EventDate "2000.10.21"]

1.e4 c5 2.Nf3 d6 3.d4 cxd4 4.Nxd4 Nf6 5.Nc3 a6 6.Bg5 e6 7.Qd2 Be7 8.O-O-O 
O-O 9.f4 h6 10.h4 Nc6 11.Qe1 Qc7 12.g4 Nxd4 13.Rxd4 b5 14.e5 dxe5 15.fxe5 
Nd5 16.Bxe7 Qxe7 17.Ne4 Bb7 18.g5 h5 19.Rg1 g6 20.Be2 Qc7 21.Bxh5 Kg7 22.
Nf6 Rh8 23.Bf3 Rac8 24.Rg2 Nb6 25.Bxb7 Qxb7 26.Rf2 Rc4 27.Rdf4 Rxf4 28.
Rxf4 Rd8 29.Ne4 Qd5 30.Nc3 Qc5 31.a3 Nc4 32.Re4 Rc8 33.h5 gxh5 34.Qf1 Nxb2
35.Qf6+ Kg8 36.g6 Nd3+ 37.Kb1 fxg6 38.Qxg6+ Kf8 39.Qf6+ Ke8 40.Qxe6+ Kd8 
41.Qf6+ Kc7 42.Qd6+ Qxd6 43.exd6+ Kxd6 44.Rd4+ Ke5 45.Rxd3 Rc4 46.Rh3 h4 
47.Kb2 Rf4 48.Ne2 Re4 49.Ng1 a5 50.Nf3+ Kf5 51.Rxh4 Rxh4 52.Nxh4+ Kg4 53.
Ng6 Kf5 54.Nf8 Kf6 55.Kc3 Kf7 56.Kd4 b4 57.a4 Kxf8 58.Kc5 1-0

[Event "III Weekend A"]
[Site "Porto Sant'Elpidio ITA"]
[Date "2000.10.21"]
[Round "1"]
[White "Castura', Ilario"]
[Black "Miandro, Roberto"]
[Result "1/2-1/2"]
[WhiteElo "1500"]
[BlackElo "1825"]
[PlyCount "117"]
[EventDate "2000.10.21"]

1.e4 c5 2.Nf3 d6 3.Nc3 Nc6 4.Be2 Nf6 5.d3 g6 6.h3 Bg7 7.Be3 a6 8.Qd2 b5 9.
a3 Bb7 10.O-O O-O 11.Nh2 e6 12.Bh6 b4 13.axb4 Nxb4 14.Bxg7 Kxg7 15.Na2 Nc6
16.f4 Nd4 17.Bd1 Qb6 18.Nc3 Bc6 19.Ra2 c4 20.Kh1 cxd3 21.cxd3 Nd7 22.Nf3 
f5 23.Re1 e5 24.fxe5 Nxf3 25.gxf3 Nxe5 26.Kg2 fxe4 27.Nxe4 Qd4 28.Ra3 Rab8
29.Rc3 Rbc8 30.Qe3 Qxe3 31.Rxe3 Nf7 32.Bb3 d5 33.Nc5 Rfe8 34.Rxe8 Rxe8 35.
Nxa6 Re2+ 36.Kg3 Rxb2 37.Nc7 Nh6 38.Bxd5 Nf5+ 39.Kf4 Bd7 40.Be6 Bxe6 41.
Nxe6+ Kf6 42.Ng5 h6 43.Ne4+ Ke6 44.Rc6+ Kf7 45.Nd6+ Nxd6 46.Rxd6 Rh2 47.
Kg3 Re2 48.d4 Re3 49.d5 Re5 50.f4 Rf5 51.h4 g5 52.Rxh6 gxf4+ 53.Kf3 Rxd5 
54.Kxf4 Kg7 55.Re6 Rd4+ 56.Kg3 Rc4 57.h5 Rd4 58.Kh3 Rb4 59.Ra6 1/2-1/2

[Event "III Weekend A"]
[Site "Porto Sant'Elpidio ITA"]
[Date "2000.10.21"]
[Round "1"]
[White "Fioravanti, Diego"]
[Black "Marinucci, Johnny"]
[Result "1-0"]
[WhiteElo "1618"]
[BlackElo "1365"]
[PlyCount "91"]
[EventDate "2000.10.21"]

1.e4 Nf6 2.e5 Nd5 3.c4 Nb6 4.d4 d6 5.f4 dxe5 6.fxe5 Nc6 7.Nf3 Bg4 8.Be3 
Bxf3 9.gxf3 e6 10.Nc3 Qh4+ 11.Bf2 Qf4 12.c5 Bxc5 13.dxc5 Rd8 14.Qc1 Qxe5+ 
15.Qe3 Nd7 16.O-O-O a6 17.Qxe5 Ncxe5 18.Be2 O-O 19.f4 Ng6 20.Be3 Nh4 21.
Rhg1 Nf5 22.Ne4 Nxe3 23.Rxd7 Nd5 24.Rxd8 Rxd8 25.Rd1 Kf8 26.Bc4 Ke7 27.
Bxd5 Rxd5 28.Rxd5 exd5 29.Nc3 Ke6 30.Kd2 c6 31.Kd3 Kf5 32.Ne2 h6 33.b4 g5 
34.fxg5 hxg5 35.a4 Kg4 36.Nd4 f5 37.Nxc6 bxc6 38.b5 axb5 39.axb5 cxb5 40.
c6 b4 41.c7 b3 42.c8=Q b2 43.Qb8 b1=Q+ 44.Qxb1 f4 45.Qg1+ Kh3 46.Qxg5 1-0

[Event "III Weekend A"]
[Site "Porto Sant'Elpidio ITA"]
[Date "2000.10.21"]
[Round "1"]
[White "Fioravanti, Emidio"]
[Black "Brugnoni, Mauro"]
[Result "1-0"]
[WhiteElo "1825"]
[BlackElo "1500"]
[PlyCount "77"]
[EventDate "2000.10.21"]

1.e4 e5 2.Nf3 d6 3.d4 Nd7 4.Bc4 c6 5.O-O Be7 6.Re1 Ngf6 7.c3 O-O 8.Nbd2 b5
9.Bb3 Nb6 10.dxe5 dxe5 11.Nxe5 Qc7 12.Ndf3 Bd6 13.Nxf7 Bxh2+ 14.Nxh2 Rxf7 
15.Bxf7+ Kxf7 16.Qf3 Kg8 17.Bf4 Qe7 18.Rad1 Nc4 19.b3 Ne5 20.Bxe5 Qxe5 21.
Rd8+ Kf7 22.Qd3 g5 23.Nf3 Qf4 24.e5 Bf5 25.Qd6 Rxd8 26.Qxd8 Ne4 27.Rxe4 
Bxe4 28.Nxg5+ Kg6 29.Nxe4 Qxe4 30.Qf6+ Kh5 31.Qf3+ Qxf3 32.gxf3 Kg5 33.f4+
Kf5 34.b4 Ke6 35.Kg2 Kf5 36.Kf3 Kg6 37.Kg4 h6 38.f5+ Kg7 39.Kh5 1-0

[Event "III Weekend A"]
[Site "Porto Sant'Elpidio ITA"]
[Date "2000.10.21"]
[Round "1"]
[White "Fratini, Mauro"]
[Black "Baleani, Emanuele"]
[Result "0-1"]
[WhiteElo "1419"]
[BlackElo "1629"]
[PlyCount "38"]
[EventDate "2000.10.21"]

1.d4 d5 2.Nf3 Nf6 3.Bf4 e6 4.e3 Nbd7 5.h3 b6 6.Nbd2 Be7 7.c3 O-O 8.Bd3 Bb7
9.Qc2 c5 10.c4 Rc8 11.b3 Re8 12.O-O cxd4 13.exd4 Nb8 14.Ne5 dxc4 15.Ndxc4 
b5 16.Nxf7 Qxd4 17.Be5 Qd5 18.Nh6+ Kf8 19.f3 bxc4 0-1

[Event "III Weekend A"]
[Site "Porto Sant'Elpidio ITA"]
[Date "2000.10.21"]
[Round "1"]
[White "Mircoli, Filippo"]
[Black "Luciani, Valerio"]
[Result "0-1"]
[WhiteElo "1537"]
[BlackElo "2131"]
[PlyCount "94"]
[EventDate "2000.10.21"]

1.e4 d6 2.d4 Nf6 3.Nc3 c6 4.Nf3 Bg4 5.Be2 e6 6.h3 Bh5 7.Bd2 Be7 8.O-O O-O 
9.Ng5 Bxe2 10.Qxe2 h6 11.Nf3 d5 12.e5 Nfd7 13.Nh2 c5 14.Qg4 Kh7 15.Be3 Nc6
16.Ne2 cxd4 17.Bxd4 Ndxe5 18.Qg3 Nxd4 19.Nxd4 Nc6 20.Rad1 Bf6 21.Nhf3 Qb6 
22.Nxc6 bxc6 23.b3 a5 24.Nd4 Bxd4 25.Qd3+ f5 26.Qxd4 Qxd4 27.Rxd4 e5 28.
Rd3 a4 29.Re1 axb3 30.axb3 Rfe8 31.f3 Kg6 32.Kf2 Ra2 33.Rc3 Re6 34.f4 e4 
35.Ke3 Kf6 36.h4 g5 37.hxg5+ hxg5 38.g3 gxf4+ 39.gxf4 Ke7 40.Rh1 Kd6 41.b4
Rb2 42.Rb3 Rxc2 43.Rh5 Rg6 44.Rh3 Rc4 45.b5 d4+ 46.Kf2 Rc2+ 47.Kf1 e3 0-1

[Event "III Weekend A"]
[Site "Porto Sant'Elpidio ITA"]
[Date "2000.10.21"]
[Round "1"]
[White "Offidani, Andrea"]
[Black "Rinaudo, Sergio"]
[Result "0-1"]
[WhiteElo "1452"]
[BlackElo "1783"]
[PlyCount "71"]
[EventDate "2000.10.21"]

1.e4 e5 2.Nf3 Nc6 3.Bc4 Bc5 4.d3 h6 5.Be3 Bxe3 6.fxe3 Nf6 7.Nc3 a6 8.a3 d6
9.Qe2 b5 10.Ba2 Bb7 11.O-O O-O 12.Nh4 Ne7 13.Rxf6 gxf6 14.Qg4+ Kh7 15.Nf5 
Rg8 16.Qh5 Nxf5 17.Qxf5+ Kg7 18.Rf1 Bc8 19.Qh5 Be6 20.Nd5 Bxd5 21.Bxd5 Qd7
22.Rf3 c6 23.Rg3+ Kf8 24.Qxh6+ Ke7 25.Rxg8 Rxg8 26.Bxf7 Kxf7 27.Qh7+ Rg7 
28.Qh5+ Ke7 29.Qf3 Qg4 30.Kf2 Qxf3+ 31.Kxf3 Rh7 32.h3 Kf7 33.Kg4 Kg6 34.h4
a5 35.g3 b4 36.a4 0-1

[Event "III Weekend A"]
[Site "Porto Sant'Elpidio ITA"]
[Date "2000.10.21"]
[Round "1"]
[White "Ragnini, Damiano"]
[Black "Morici, Marco"]
[Result "0-1"]
[WhiteElo "1356"]
[BlackElo "1606"]
[PlyCount "133"]
[EventDate "2000.10.21"]

1.e4 e6 2.d4 d5 3.e5 c5 4.Nf3 Nc6 5.Be3 Qb6 6.dxc5 Bxc5 7.Bxc5 Qxc5 8.Nbd2
Nh6 9.Nb3 Qb6 10.h3 Qc7 11.Bb5 O-O 12.Bxc6 bxc6 13.Qd4 Nf5 14.Qf4 c5 15.
O-O Bd7 16.g4 Ne7 17.g5 Ng6 18.Qg3 Rab8 19.h4 Rb4 20.c3 Nf4 21.Nc1 Nh5 22.
Qg2 Rxb2 23.Qg4 g6 24.Nd3 Bb5 25.Nxb2 Bxf1 26.Rxf1 Qb6 27.Nd3 Qb5 28.Nf4 
Qa4 29.Nd4 Nxf4 30.Qxf4 cxd4 31.cxd4 Qxa2 32.Kg2 a5 33.Rh1 Qe2 34.Rh3 Qe4+
35.Qxe4 dxe4 36.f4 exf3+ 37.Kxf3 Ra8 38.Ke3 Kf8 39.Kd3 a4 40.Rh2 Ke7 41.
Kc3 Kd7 42.Ra2 Kc6 43.Kb4 Kd5 44.Kc3 a3 45.Kd3 Ra4 46.Kc3 Ke4 47.Kb3 Ra7 
48.Kc3 Rc7+ 49.Kd2 Kxd4 50.Rxa3 Kxe5 51.Ke3 f5 52.gxf6 Kxf6 53.Kd4 Rd7+ 
54.Ke4 Rd5 55.Ra6 Rh5 56.Ra2 Rxh4+ 57.Kf3 h5 58.Kg3 Rg4+ 59.Kf3 Kf5 60.Ke3
h4 61.Ra5+ e5 62.Ra1 Rg3+ 63.Kf2 g5 64.Ra8 g4 65.Rh8 Rf3+ 66.Kg2 h3+ 67.
Rxh3 0-1

[Event "III Weekend A"]
[Site "Porto Sant'Elpidio ITA"]
[Date "2000.10.21"]
[Round "1"]
[White "Rinaudo, Claudio"]
[Black "Cerusico, Carlo"]
[Result "1-0"]
[WhiteElo "1633"]
[BlackElo "1431"]
[PlyCount "73"]
[EventDate "2000.10.21"]

1.e4 e6 2.d4 d5 3.exd5 exd5 4.Bd3 Nf6 5.Bg5 Be7 6.Ne2 Bg4 7.f3 Bh5 8.O-O 
O-O 9.Nf4 Bg6 10.Bxg6 hxg6 11.Qd3 Nbd7 12.Nd2 c5 13.c3 Rc8 14.Kh1 Re8 15.
dxc5 Nxc5 16.Qd4 Ne6 17.Nxe6 fxe6 18.Qxa7 Qc7 19.Qe3 Bd6 20.Qd3 Kf7 21.f4 
Rh8 22.g3 Ng4 23.Nf3 Rh7 24.Nh4 Rxh4 25.Bxh4 Bc5 26.Qe2 Ne3 27.Rf3 d4 28.
cxd4 Bxd4 29.Rxe3 Qc6+ 30.Re4 Bxb2 31.Re1 Ba3 32.Qf3 Bb4 33.R1e2 Qc1+ 34.
Kg2 Bc5 35.Rxe6 Qg1+ 36.Kh3 Rc7 37.Qd5 1-0

[Event "III Weekend A"]
[Site "Porto Sant'Elpidio ITA"]
[Date "2000.10.21"]
[Round "1"]
[White "Rotoni, Fabrizio"]
[Black "Gasparroni, Riccardo"]
[Result "1-0"]
[WhiteElo "2095"]
[BlackElo "1524"]
[PlyCount "39"]
[EventDate "2000.10.21"]

1.e4 c5 2.c3 Nc6 3.d4 cxd4 4.cxd4 d5 5.exd5 Qxd5 6.Nf3 Bg4 7.Be2 Bxf3 8.
Bxf3 Qd7 9.d5 Ne5 10.O-O g6 11.Nc3 Bg7 12.Bf4 Nxf3+ 13.Qxf3 Nf6 14.d6 e6 
15.Be5 Nh5 16.Bxg7 Nxg7 17.Ne4 Kf8 18.Rfe1 Nf5 19.Rac1 Rd8 20.Qc3 1-0

[Event "III Weekend A"]
[Site "Porto Sant'Elpidio ITA"]
[Date "2000.10.22"]
[Round "2"]
[White "Baleani, Emanuele"]
[Black "Rotoni, Fabrizio"]
[Result "1/2-1/2"]
[WhiteElo "1629"]
[BlackElo "2095"]
[PlyCount "117"]
[EventDate "2000.10.21"]

1.e4 g6 2.d4 Bg7 3.Nf3 d6 4.h3 Nf6 5.Nc3 O-O 6.Be3 Nc6 7.Bc4 e5 8.dxe5 
dxe5 9.O-O Qe7 10.a3 Be6 11.Qe2 Rfd8 12.Rfd1 h6 13.Bxe6 Qxe6 14.Rxd8+ Rxd8
15.Rd1 Rxd1+ 16.Qxd1 a6 17.Qd3 Kh7 18.Nd5 Ne8 19.c4 f5 20.b4 fxe4 21.Qxe4 
Qf5 22.Qxf5 gxf5 23.Nh4 f4 24.Bc1 Nd4 25.Bb2 c6 26.Nc3 Nd6 27.c5 Nc4 28.
Bc1 Nb3 29.Ne2 Nxc1 30.Nxc1 Nxa3 31.Nf5 e4 32.Nd6 e3 33.fxe3 fxe3 34.Kf1 
Bc3 35.Na2 Bd2 36.Ke2 Kg6 37.Nxb7 Nb5 38.Na5 Nd4+ 39.Kd1 Kf5 40.Nc4 Nb3 
41.Ke2 Kf4 42.g4 Kg3 43.Nxe3 Kxh3 44.Nc4 Bf4 45.Kf3 Nd2+ 46.Kxf4 Nxc4 47.
g5 hxg5+ 48.Kxg5 Kg3 49.Kf5 Kf3 50.Ke6 Ke3 51.Kd7 Ne5+ 52.Kd6 Kd4 53.Kc7 
Kc4 54.Kd6 Kd4 55.Nc1 Ke4 56.Nb3 Nd3 57.Kxc6 Nxb4+ 58.Kb6 Kd5 59.c6 
1/2-1/2

[Event "III Weekend A"]
[Site "Porto Sant'Elpidio ITA"]
[Date "2000.10.22"]
[Round "2"]
[White "Brugnoni, Mauro"]
[Black "Fratini, Mauro"]
[Result "1/2-1/2"]
[WhiteElo "1500"]
[BlackElo "1419"]
[PlyCount "84"]
[EventDate "2000.10.21"]

1.d4 d5 2.e3 Nf6 3.c4 c6 4.Nc3 Bf5 5.f3 e6 6.Nge2 Nbd7 7.c5 Be7 8.Ng3 Bg6 
9.Bd3 Qc7 10.b4 Nh5 11.Nxh5 Bxh5 12.O-O Nf6 13.Bd2 Bg6 14.Be1 e5 15.Bg3 
Nd7 16.Re1 Bf6 17.a4 a6 18.Qc2 Qd8 19.Ne2 O-O 20.Bxg6 hxg6 21.dxe5 Nxe5 
22.Bxe5 Bxe5 23.Nd4 Qf6 24.Rad1 Rfe8 25.Qf2 Qe7 26.e4 Rad8 27.g3 Qf6 28.
Kg2 dxe4 29.Rxe4 Bxd4 30.Rexd4 Rxd4 31.Qxd4 Re2+ 32.Kg1 Re1+ 33.Kf2 Rxd1 
34.Qxd1 Qb2+ 35.Qe2 Qxb4 36.Qe8+ Kh7 37.Qxf7 Qxc5+ 38.Kf1 b5 39.Qf4 b4 40.
Qh4+ Qh5 41.Qxb4 Qxf3+ 42.Kg1 Qe3+ 1/2-1/2

[Event "III Weekend A"]
[Site "Porto Sant'Elpidio ITA"]
[Date "2000.10.22"]
[Round "2"]
[White "Cerusico, Carlo"]
[Black "Mircoli, Filippo"]
[Result "0-1"]
[WhiteElo "1431"]
[BlackElo "1537"]
[PlyCount "64"]
[EventDate "2000.10.21"]

1.d4 Nf6 2.c4 e6 3.Nc3 Bb4 4.Bd2 O-O 5.Nf3 c5 6.e3 b6 7.Bd3 d5 8.O-O Bb7 
9.Re1 Nc6 10.e4 dxc4 11.Bxc4 cxd4 12.Nb1 Bxd2 13.Nbxd2 e5 14.a3 Nd7 15.b4 
Kh8 16.Qc2 Rc8 17.Rac1 Qe7 18.Nf1 a6 19.Qd3 a5 20.b5 Nc5 21.Qc2 Nd8 22.h3 
f6 23.Ng3 g6 24.Qd1 Nde6 25.Be2 Nxe4 26.Rxc8 Rxc8 27.Nxe4 Bxe4 28.Nd2 Bd5 
29.a4 Qa3 30.Qa1 Qxa1 31.Rxa1 Rc2 32.Rd1 Nc5 0-1

[Event "III Weekend A"]
[Site "Porto Sant'Elpidio ITA"]
[Date "2000.10.22"]
[Round "2"]
[White "Gasparroni, Daniele"]
[Black "Ragnini, Damiano"]
[Result "1-0"]
[WhiteElo "1485"]
[BlackElo "1356"]
[PlyCount "89"]
[EventDate "2000.10.21"]

1.d4 Nf6 2.c4 c5 3.d5 b5 4.Nc3 b4 5.Na4 d6 6.Bg5 e6 7.dxe6 Bxe6 8.g3 Nbd7 
9.Bg2 Rc8 10.b3 Be7 11.Rc1 Ng4 12.Bxe7 Qxe7 13.e4 O-O 14.h3 Nge5 15.f4 Nc6
16.Ne2 f5 17.Qc2 Nf6 18.exf5 Bd7 19.O-O Rce8 20.Rfe1 Qe3+ 21.Kf1 Re7 22.
Nb2 Rfe8 23.Nd1 Nd4 24.Nxe3 Nxc2 25.Nxc2 Bxf5 26.g4 Bd3 27.Bf3 Ne4 28.Kg2 
Nd2 29.Ng1 Be4 30.Bxe4 Rxe4 31.Rxe4 Rxe4 32.Rd1 Nxc4 33.bxc4 Rxc4 34.Ne3 
Rxf4 35.Rxd6 a5 36.Ne2 Re4 37.Kf3 Re8 38.Nc4 a4 39.Rc6 b3 40.axb3 axb3 41.
Rb6 Rf8+ 42.Kg3 Re8 43.Kf2 Rf8+ 44.Ke1 Rf3 45.Rb8+ 1-0

[Event "III Weekend A"]
[Site "Porto Sant'Elpidio ITA"]
[Date "2000.10.22"]
[Round "2"]
[White "Gasparroni, Riccardo"]
[Black "Offidani, Andrea"]
[Result "1-0"]
[WhiteElo "1524"]
[BlackElo "1452"]
[PlyCount "45"]
[EventDate "2000.10.21"]

1.e4 e5 2.Nf3 Nc6 3.Bc4 Bc5 4.d3 Nf6 5.Bg5 h6 6.Bh4 d6 7.h3 Be6 8.Bxe6 
fxe6 9.c3 O-O 10.Qb3 Qd7 11.Nbd2 Bb6 12.O-O Ne7 13.a4 a5 14.Nc4 Ng6 15.
Nxb6 cxb6 16.Qxb6 Nf4 17.Qe3 Rac8 18.Nd2 Qc7 19.Nc4 d5 20.exd5 N6xd5 21.
Qxe5 Nxd3 22.Qxe6+ Rf7 23.Nd6 1-0

[Event "III Weekend A"]
[Site "Porto Sant'Elpidio ITA"]
[Date "2000.10.22"]
[Round "2"]
[White "Luciani, Valerio"]
[Black "Rinaudo, Andrea"]
[Result "1-0"]
[WhiteElo "2131"]
[BlackElo "1813"]
[PlyCount "97"]
[EventDate "2000.10.21"]

1.d4 Nf6 2.c4 e6 3.g3 d5 4.Bg2 c6 5.Nf3 Bd6 6.O-O O-O 7.Nc3 Nbd7 8.e4 Nxe4
9.Nxe4 dxe4 10.Ng5 Be7 11.Nxe4 Nb6 12.b3 f5 13.Nc3 Bf6 14.Ne2 e5 15.Bb2 
exd4 16.Bxd4 Be6 17.a4 Qc7 18.Nf4 Rae8 19.Re1 Qf7 20.Bxf6 Qxf6 21.a5 Nc8 
22.a6 b6 23.Bxc6 Rd8 24.Qe2 Bf7 25.Bd5 h6 26.Qe5 Bxd5 27.Nxd5 Qf7 28.Qe6 
Rfe8 29.Qxf7+ Kxf7 30.Kf1 Nd6 31.f3 g5 32.Rxe8 Rxe8 33.Re1 Rxe1+ 34.Kxe1 
Nc8 35.Kd2 Ke6 36.Kd3 h5 37.Kd4 Kd6 38.b4 Ke6 39.Nc7+ Kd6 40.Nb5+ Ke6 41.
h3 g4 42.fxg4 fxg4 43.hxg4 hxg4 44.Ke4 Kf6 45.Kf4 Ke6 46.Kxg4 Ke5 47.Kf3 
Kf5 48.g4+ Ke5 49.Ke3 1-0

[Event "III Weekend A"]
[Site "Porto Sant'Elpidio ITA"]
[Date "2000.10.22"]
[Round "2"]
[White "Marinucci, Johnny"]
[Black "Basso, Fabrizio"]
[Result "0-1"]
[WhiteElo "1365"]
[BlackElo "1500"]
[PlyCount "60"]
[EventDate "2000.10.21"]

1.d4 Nf6 2.Nf3 e6 3.Bf4 c5 4.e3 Qb6 5.Nc3 a6 6.Rb1 Nc6 7.Be2 Nh5 8.Be5 
Nxe5 9.Nxe5 Nf6 10.O-O d6 11.Nf3 Be7 12.Bd3 Bd7 13.Ne2 Rc8 14.c3 Qa5 15.
Ra1 Bc6 16.Ng3 h5 17.Ng5 c4 18.Nxe6 fxe6 19.Bxc4 Kd7 20.Bd3 h4 21.Ne2 Qg5 
22.Nf4 Nh5 23.f3 Nxf4 24.exf4 Qxf4 25.Qe2 Rh6 26.a4 d5 27.b4 Bd6 28.Kf2 
Ke7 29.Bc2 Qxh2 30.Ke1 h3 0-1

[Event "III Weekend A"]
[Site "Porto Sant'Elpidio ITA"]
[Date "2000.10.22"]
[Round "2"]
[White "Miandro, Roberto"]
[Black "Fioravanti, Diego"]
[Result "1-0"]
[WhiteElo "1825"]
[BlackElo "1618"]
[PlyCount "204"]
[EventDate "2000.10.21"]

1.c4 Nf6 2.Nf3 d5 3.cxd5 Nxd5 4.Nc3 c6 5.g3 g6 6.Bg2 Bg7 7.O-O O-O 8.h3 
Nd7 9.d4 N7f6 10.Bd2 Nxc3 11.Bxc3 Be6 12.Ng5 Nd5 13.Nxe6 fxe6 14.Qd3 Qc7 
15.h4 Rad8 16.Qe4 Qd6 17.Bh3 Rf6 18.Bd2 h6 19.Rad1 Kh8 20.a3 Rdf8 21.e3 
Nb6 22.Bb4 Qd5 23.Bg2 Qxe4 24.Bxe4 R8f7 25.Bc5 g5 26.h5 Nc8 27.g4 a5 28.a4
Nd6 29.Bd3 Rf8 30.Bb6 Ra8 31.b3 Rff8 32.Bg6 Nc8 33.Bc5 Nd6 34.Kg2 b5 35.
Rc1 Rac8 36.Bd3 bxa4 37.bxa4 Rf7 38.Bb6 e5 39.dxe5 Bxe5 40.Rc5 Bg7 41.Rxa5
e5 42.Rc5 e4 43.Be2 Nb7 44.Rc2 Ra8 45.Rxc6 Rxa4 46.Rc8+ Kh7 47.Rc6 Na5 48.
Rc8 Nb7 49.Rc6 Na5 50.Rc2 Nb7 51.Bc4 Re7 52.Bd5 Nd6 53.Rb1 Re5 54.Rd1 Ne8 
55.Bf7 Ra8 56.Bg6+ Kg8 57.Rd7 Bf8 58.Bd4 Re7 59.Rxe7 Bxe7 60.Bxe4 Rd8 61.
Bf5 Nd6 62.Be6+ Kf8 63.Kf3 Nb5 64.Be5 Bd6 65.Bf6 Be7 66.Bb2 Bd6 67.Rd2 Ke7
68.Bf5 Bc7 69.Rc2 Bd6 70.Bg7 Nc7 71.Rc4 Nd5 72.Rd4 Bc5 73.Re4+ Kf7 74.Bxh6
Be7 75.Be6+ Kf6 76.Bxd5 Rxd5 77.Bg7+ Kf7 78.Bd4 Bf8 79.Bc3 Rb5 80.Rc4 Rb7 
81.Rc6 Be7 82.h6 Kg8 83.Rg6+ Kh7 84.Re6 Bf8 85.Re8 Rf7+ 86.Ke2 Kxh6 87.
Re6+ Kh7 88.Re5 Be7 89.Bd4 Bf6 90.Rd5 Bxd4 91.Rxd4 Kg6 92.Rd6+ Kg7 93.f3 
Rb7 94.Kf2 Re7 95.e4 Re8 96.Ke3 Rc8 97.Kd4 Rf8 98.Rd7+ Kg6 99.Rd6+ Kg7 
100.Ke3 Rf7 101.Rb6 Ra7 102.Kd4 Rf7 1-0

[Event "III Weekend A"]
[Site "Porto Sant'Elpidio ITA"]
[Date "2000.10.22"]
[Round "2"]
[White "Morici, Marco"]
[Black "Fioravanti, Emidio"]
[Result "1-0"]
[WhiteElo "1606"]
[BlackElo "1825"]
[PlyCount "113"]
[EventDate "2000.10.21"]

1.c4 Nf6 2.Nc3 e5 3.g3 Bc5 4.d3 c6 5.Bg2 O-O 6.Nf3 d6 7.O-O Bg4 8.Na4 Nbd7
9.Nxc5 Nxc5 10.b4 Ne6 11.Bb2 Re8 12.h3 Bh5 13.g4 Bg6 14.Nh4 Nf4 15.Nxg6 
Nxg2 16.Kxg2 hxg6 17.e3 Nh7 18.f4 Qe7 19.Bc3 exf4 20.exf4 Qe3 21.Qf3 Re6 
22.Rae1 Qxf3+ 23.Kxf3 Rae8 24.Rxe6 fxe6 25.Re1 Kf7 26.h4 Nf6 27.a4 Rh8 28.
Kg3 b6 29.a5 Nd7 30.axb6 axb6 31.Ra1 e5 32.Ra7 Ke6 33.f5+ gxf5 34.gxf5+ 
Ke7 35.Bd2 d5 36.Bg5+ Kd6 37.c5+ bxc5 38.bxc5+ Kxc5 39.Rxd7 Kd4 40.Rxg7 e4
41.dxe4 dxe4 42.Rc7 Kd5 43.f6 Kd6 44.Re7 Rg8 45.Kf4 c5 46.Kxe4 c4 47.Bf4+ 
Kc5 48.f7 Rd8 49.Re8 Rd4+ 50.Kf5 c3 51.Be5 c2 52.Bxd4+ Kxd4 53.Rc8 Kd3 54.
f8=Q c1=Q 55.Rxc1 Kd4 56.Qd6+ Ke3 57.Rc2 1-0

[Event "III Weekend A"]
[Site "Porto Sant'Elpidio ITA"]
[Date "2000.10.22"]
[Round "2"]
[White "Rinaudo, Sergio"]
[Black "Bontempi, Piero"]
[Result "0-1"]
[WhiteElo "1783"]
[BlackElo "2273"]
[PlyCount "120"]
[EventDate "2000.10.21"]

1.d4 Nf6 2.Nf3 c5 3.e3 d5 4.dxc5 e6 5.c4 Bxc5 6.cxd5 exd5 7.Nc3 O-O 8.Be2 
Nc6 9.O-O Bf5 10.a3 Rc8 11.b4 Bb6 12.Bb2 d4 13.exd4 Nxd4 14.Nxd4 Bxd4 15.
Rc1 Ne4 16.Nxe4 Bxb2 17.Rxc8 Bxc8 18.Qb3 Be5 19.Bc4 Bxh2+ 20.Kxh2 Qh4+ 21.
Kg1 Qxe4 22.Rc1 Qf4 23.Rc3 Re8 24.Rf3 Qc1+ 25.Kh2 Qh6+ 26.Kg1 Re1+ 27.Bf1 
Be6 28.Qd3 g6 29.Qc3 Qc1 30.Qd3 Qa1 31.Rf4 Qd1 32.Qxd1 Rxd1 33.a4 Bf5 34.
Rf3 b5 35.axb5 Bd7 36.Rd3 Rxf1+ 37.Kxf1 Bxb5 38.Ke2 Kf8 39.Ke3 Bxd3 40.
Kxd3 Ke7 41.Kc4 Kd6 42.Kb5 Kc7 43.Ka6 Kb8 44.Kb5 Kb7 45.Kc5 Kc7 46.Kb5 h5 
47.Ka6 Kb8 48.Kb5 g5 49.Kc5 Kb7 50.f3 h4 51.Kd5 f5 52.Ke5 g4 53.fxg4 fxg4 
54.Kf4 h3 55.gxh3 gxh3 56.Kg3 Kb6 57.Kxh3 Kb5 58.Kg3 Kxb4 59.Kf3 a5 60.Ke3
Kc3 0-1

[Event "III Weekend A"]
[Site "Porto Sant'Elpidio ITA"]
[Date "2000.10.22"]
[Round "2"]
[White "Rotoni, Matteo"]
[Black "Rinaudo, Claudio"]
[Result "1-0"]
[WhiteElo "1831"]
[BlackElo "1633"]
[PlyCount "33"]
[EventDate "2000.10.21"]

1.e4 c6 2.d4 d5 3.e5 Bf5 4.h4 h6 5.g4 Bg6 6.h5 Bh7 7.e6 fxe6 8.Bd3 Bxd3 9.
Qxd3 Qd6 10.f4 Nf6 11.Qg6+ Kd8 12.Nf3 Kc7 13.Ne5 Rg8 14.g5 hxg5 15.fxg5 
Ne4 16.Bf4 Kb6 17.Nc4+ 1-0

[Event "III Weekend A"]
[Site "Porto Sant'Elpidio ITA"]
[Date "2000.10.22"]
[Round "2"]
[White "Silvestri, Giorgio"]
[Black "Castura', Ilario"]
[Result "1-0"]
[WhiteElo "1584"]
[BlackElo "1500"]
[PlyCount "122"]
[EventDate "2000.10.21"]

1.d4 Nf6 2.c4 g6 3.Nc3 Bg7 4.e4 d6 5.f3 O-O 6.Be3 e5 7.d5 a6 8.Qd2 Nbd7 9.
O-O-O h5 10.Bg5 Qe8 11.Nge2 Nh7 12.h4 Ndf6 13.Kb1 b5 14.Nc1 b4 15.N3e2 a5 
16.Nd3 Bd7 17.g3 Qc8 18.c5 Qe8 19.c6 Bc8 20.Bg2 Ba6 21.Bh3 Bc8 22.Nec1 
Bxh3 23.Rxh3 Qc8 24.Rh2 Ne8 25.Be7 f5 26.Bxf8 Kxf8 27.Rf1 Nef6 28.exf5 
Qxf5 29.Rhf2 Nxd5 30.g4 Qe6 31.g5 Ra6 32.f4 Kg8 33.fxe5 dxe5 34.Nc5 Qxc6 
35.Nxa6 Nc3+ 36.bxc3 bxc3 37.Qd8+ Nf8 38.Rxf8+ Kh7 39.R8f2 c2+ 40.Rxc2 
Qb5+ 41.Rb2 Qxf1 42.Rb8 Qf5+ 43.Qd3 e4 44.Qb5 Be5 45.Qd5 e3+ 46.Qd3 Qf2 
47.Qe2 Qf5+ 48.Nd3 Qe4 49.Nc5 Qf5 50.Qxe3 Bg7 51.Re8 Qf1+ 52.Qe1 Qh3 53.
Re7 Qf5 54.Rxg7+ Kxg7 55.Qe6 Qf1+ 56.Qe1 Qf5 57.Qe7+ Kh8 58.Qf6+ Qxf6 59.
gxf6 Kg8 60.Ne5 Kh7 61.f7 Kg7 1-0

[Event "III Weekend A"]
[Site "Porto Sant'Elpidio ITA"]
[Date "2000.10.22"]
[Round "3"]
[White "Basso, Fabrizio"]
[Black "Brugnoni, Mauro"]
[Result "1/2-1/2"]
[WhiteElo "1500"]
[BlackElo "1500"]
[PlyCount "66"]
[EventDate "2000.10.21"]

1.d4 Nf6 2.c4 e6 3.Nc3 Bb4 4.e3 b6 5.Bd3 Bb7 6.f3 O-O 7.Qc2 Bxc3+ 8.bxc3 
c5 9.e4 Ne8 10.Rb1 d6 11.Ne2 Qh4+ 12.g3 Qf6 13.O-O e5 14.f4 Qe7 15.fxe5 
dxe5 16.dxe5 Nc6 17.Nf4 Nxe5 18.Be2 Nd6 19.Nd5 Qd8 20.Bf4 Ndxc4 21.Rbd1 
Bxd5 22.Rxd5 Qe8 23.Qb3 Na5 24.Qb1 f6 25.Rfd1 Qe7 26.Bxe5 fxe5 27.Qc1 h5 
28.Bxh5 Qf6 29.Rd7 Qf2+ 30.Kh1 Qf6 31.R1d6 Qf1+ 32.Qxf1 Rxf1+ 33.Kg2 Rf6 
1/2-1/2

[Event "III Weekend A"]
[Site "Porto Sant'Elpidio ITA"]
[Date "2000.10.22"]
[Round "3"]
[White "Bontempi, Piero"]
[Black "Rotoni, Matteo"]
[Result "1-0"]
[WhiteElo "2273"]
[BlackElo "1831"]
[PlyCount "118"]
[EventDate "2000.10.21"]

1.e4 e6 2.d4 d5 3.Nc3 Bb4 4.Bd2 Bxc3 5.Bxc3 dxe4 6.Qg4 Nf6 7.Qxg7 Rg8 8.
Qh6 Rg6 9.Qe3 Nbd7 10.Ne2 b6 11.Nf4 Rg8 12.Bc4 Qe7 13.a3 Bb7 14.O-O-O 
O-O-O 15.Bb4 Qe8 16.Qb3 Kb8 17.Rhe1 Rc8 18.d5 exd5 19.Nxd5 Qe5 20.Ne7 Rxg2
21.Nxc8 Kxc8 22.Bxf7 Rxf2 23.Be6 Qxh2 24.Bxd7+ Nxd7 25.Qg8+ Nf8 26.Bxf8 
Qf4+ 27.Kb1 Qxf8 28.Qg4+ Qf5 29.Qh4 Kb8 30.Rd8+ Bc8 31.Rxe4 Rf1+ 32.Ka2 
Kb7 33.Qe7 h5 34.b3 Qf6 35.Rdd4 Kb8 36.Re5 Qxe7 37.Rxe7 Rf6 38.Rc4 c5 39.
Ra4 a6 40.Rh7 Rf2 41.Rc4 Bf5 42.Rh8+ Kc7 43.Kb2 Bg4 44.Rh7+ Kd6 45.Rh6+ 
Kc7 46.b4 Rf5 47.bxc5 bxc5 48.Rxa6 Be2 49.Ra7+ Kb8 50.Rca4 c4 51.Re7 Rf2 
52.Kc3 Bd1 53.Rb4+ Kc8 54.Rb2 h4 55.Rh7 Rf4 56.a4 Bf3 57.a5 Bg2 58.a6 h3 
59.a7 Rf3+ 1-0

[Event "III Weekend A"]
[Site "Porto Sant'Elpidio ITA"]
[Date "2000.10.22"]
[Round "3"]
[White "Fioravanti, Diego"]
[Black "Negri, Jacopo"]
[Result "1-0"]
[WhiteElo "1618"]
[BlackElo "1600"]
[PlyCount "71"]
[EventDate "2000.10.21"]

1.e4 e6 2.d4 d5 3.Nc3 Bb4 4.Ne2 dxe4 5.a3 Be7 6.Nxe4 Nf6 7.N2g3 Nbd7 8.Bf4
O-O 9.b4 b6 10.Bd3 Bb7 11.f3 c5 12.dxc5 bxc5 13.Nd6 Bc6 14.b5 Bd5 15.c4 e5
16.cxd5 exf4 17.Nb7 Qe8 18.Ne2 Nxd5 19.Bxh7+ Kxh7 20.Qxd5 Nf6 21.Qd3+ Kg8 
22.O-O c4 23.Qxc4 Qb8 24.Na5 Qb6+ 25.Kh1 Qxa5 26.Nxf4 Rac8 27.Qa2 Rc3 28.
Ng6 Bc5 29.Nxf8 Kxf8 30.a4 Kg8 31.Rac1 Rxc1 32.Rxc1 Be3 33.Rd1 Bb6 34.Qc2 
Qb4 35.g3 Qc5 36.Rd8+ 1-0